The inflation-targeting debate (Record no. 124024)
[ view plain ]
| 000 -LEADER | |
|---|---|
| fixed length control field | 02581nam a2200409 a 4500 |
| 082 04 - DEWEY DECIMAL CLASSIFICATION NUMBER | |
| Classification number | 332.4/1 |
| 245 04 - TITLE STATEMENT | |
| Title | The inflation-targeting debate |
| 260 ## - PUBLICATION, DISTRIBUTION, ETC. (IMPRINT) | |
| Place of publication | Chicago : |
| Name of publisher | University of Chicago Press, |
| Year of publication | c2005. |
| 300 ## - PHYSICAL DESCRIPTION | |
| Number of Pages | ix, 458 p. : |
| Other physical details | ill. |
| 490 1# - SERIES STATEMENT | |
| Series statement | National Bureau of Economic Research--studies in business cycles ; |
| 500 ## - GENERAL NOTE | |
| General note | "This volume grew out of a National Bureau of Economic Research (NBER) conference on inflation targeting held in Bal Harbour, Florida, in January 2003"--p. ix. |
| 505 0# - FORMATTED CONTENTS NOTE | |
| Formatted contents note | What has inflation targeting achieved? / Mervyn King -- Implementing optimal policy through inflation-forecast targeting / Lars E.O. Svensson and Michael Woodford -- Optimal inflation-targeting rules / Marc P. Giannoni and Michael Woodford -- Inflation targeting, price-path targeting, and output variability / Stephen G. Cecchetti and Junhan Kim -- Imperfect knowledge, inflation expectations, and monetary policy / Athanasios Orphanides and John C. Williams -- Does inflation targeting matter? / Laurence Ball and Niamh Sheridan -- Limits to inflation targeting / Christopher A. Sims -- Inflation targeting in the United States? / Marvin Goodfriend -- Inflation targeting in transition economies : experience and prospects / Jiri Jonas and Frederic S. Mishkin -- Inflation targeting and sudden stops / Ricardo J. Caballero and Arvind Krishnamurthy. |
| 650 #0 - SUBJECT ADDED ENTRY--TOPICAL TERM | |
| Topical Term | Inflation (Finance) |
| Topical Term | Monetary policy |
| 700 1# - ADDED ENTRY--PERSONAL NAME | |
| Personal name | Bernanke, Ben. |
| Personal name | Woodford, Michael, |
| 856 40 - ELECTRONIC LOCATION AND ACCESS | |
| Uniform Resource Identifier | http://site.ebrary.com/lib/rucke/Doc?id=10209938 |
No items available.
